<?xml version="1.0" encoding="UTF-8"?>
<record
    xmlns:xsi="http://www.w3.org/2001/XMLSchema-instance"
    xsi:schemaLocation="http://www.loc.gov/MARC21/slim http://www.loc.gov/standards/marcxml/schema/MARC21slim.xsd"
    xmlns="http://www.loc.gov/MARC21/slim">

  <leader>01346nam a22002651a 4500</leader>
  <controlfield tag="001">37289</controlfield>
  <controlfield tag="003">BD-RjUL</controlfield>
  <controlfield tag="005">20211209052609.0</controlfield>
  <controlfield tag="008">141123r19681896enk               0 eng d</controlfield>
  <datafield tag="035" ind1=" " ind2=" ">
    <subfield code="a">(BD-RjUL)37392</subfield>
  </datafield>
  <datafield tag="035" ind1=" " ind2=" ">
    <subfield code="a">849429</subfield>
  </datafield>
  <datafield tag="040" ind1=" " ind2=" ">
    <subfield code="a">NUN</subfield>
    <subfield code="b">eng</subfield>
    <subfield code="c">NUN</subfield>
    <subfield code="d">AK</subfield>
    <subfield code="d">BD-RjUL</subfield>
  </datafield>
  <datafield tag="041" ind1=" " ind2=" ">
    <subfield code="a">eng</subfield>
  </datafield>
  <datafield tag="082" ind1="0" ind2="4">
    <subfield code="a">591</subfield>
    <subfield code="b">CAM 1968</subfield>
  </datafield>
  <datafield tag="245" ind1="0" ind2="4">
    <subfield code="a">The Cambridge natural history /</subfield>
    <subfield code="c">by S.F.Harmer and A.E.Shipley.</subfield>
    <subfield code="n">Volume II,</subfield>
    <subfield code="p">FLatworms and Mesozoa</subfield>
  </datafield>
  <datafield tag="260" ind1=" " ind2=" ">
    <subfield code="a">Codicote, Eng. :</subfield>
    <subfield code="b">Wheldon &amp; Wesley,</subfield>
    <subfield code="c">1896 [Reprint 1968]</subfield>
  </datafield>
  <datafield tag="300" ind1=" " ind2=" ">
    <subfield code="a">xii, 560 p.:</subfield>
    <subfield code="b">ill.;</subfield>
    <subfield code="c">24 cm.</subfield>
  </datafield>
  <datafield tag="500" ind1=" " ind2=" ">
    <subfield code="a">Reprint of ed. first pub. 1895-1906.</subfield>
  </datafield>
  <datafield tag="500" ind1=" " ind2=" ">
    <subfield code="a">Includes index.</subfield>
  </datafield>
  <datafield tag="505" ind1="0" ind2=" ">
    <subfield code="a">Vol.1, Protozoa, porifera, coelenterata and ctenophora and echinodermata. Vol.2, Flatworms and mesozoa, nemertines, rotifers, thread-worms, sagitta, gephyrea and phoronis, earthworms and leeches, polychaet worms and polyzoa. Vol.3, Molluscs and brachiopods. Vol.4, Crustacea, trilobites and eurypterida, introduction to arachnida, king-crabs, tardigrada (water-bears) and pentastohida, scorpions, spiders, mites, ticks, etc., pycnogonida. Vol.5, Peripatus, myriapods, insects pt.1. Vol.</subfield>
  </datafield>
  <datafield tag="650" ind1=" " ind2="0">
    <subfield code="a">Zoology.</subfield>
    <subfield code="9">114277</subfield>
  </datafield>
  <datafield tag="700" ind1="1" ind2=" ">
    <subfield code="a">Shipley, A. E.</subfield>
    <subfield code="q">(Arthur Everett),</subfield>
    <subfield code="c">Sir,</subfield>
    <subfield code="d">1861-1927.</subfield>
    <subfield code="9">114278</subfield>
  </datafield>
  <datafield tag="700" ind1="1" ind2=" ">
    <subfield code="a">Harmer, S. F.</subfield>
    <subfield code="q">(Sidney Frederic),</subfield>
    <subfield code="c">Sir,</subfield>
    <subfield code="d">1862-</subfield>
    <subfield code="9">114279</subfield>
  </datafield>
  <datafield tag="942" ind1=" " ind2=" ">
    <subfield code="2">ddc</subfield>
    <subfield code="c">BK</subfield>
  </datafield>
  <datafield tag="999" ind1=" " ind2=" ">
    <subfield code="c">37289</subfield>
    <subfield code="d">37289</subfield>
  </datafield>
  <datafield tag="952" ind1=" " ind2=" ">
    <subfield code="0">0</subfield>
    <subfield code="1">0</subfield>
    <subfield code="2">ddc</subfield>
    <subfield code="4">0</subfield>
    <subfield code="7">1</subfield>
    <subfield code="8">NFIC</subfield>
    <subfield code="a">IBSc</subfield>
    <subfield code="b">IBSc</subfield>
    <subfield code="c">Stack</subfield>
    <subfield code="d">2014-11-23</subfield>
    <subfield code="e">British Council</subfield>
    <subfield code="l">0</subfield>
    <subfield code="o">591 CAM 1968</subfield>
    <subfield code="r">2014-11-23 00:00:00</subfield>
    <subfield code="t">C-1</subfield>
    <subfield code="w">2021-12-09</subfield>
    <subfield code="y">BK</subfield>
  </datafield>
</record>
